Cutting the Traffic Knot
Descripción Física:
15 p. ; 20 x10 cm
Otros Autores:
Universal Portland Cement Co
Materias:
Transport -- Amèrica del Nord
MARC
| LEADER | 00000nam a2200000Ia 4500 | ||
|---|---|---|---|
| 001 | 24413 | ||
| 008 | 160829s9999 xx 000 0 cat d | ||
| 080 | |a FU-67-1 | ||
| 245 | |a Cutting the Traffic Knot | ||
| 260 | |a Chicago, Pittsburgh [etc.] : |b Universal Portland Cement Co. , [1927] | ||
| 300 | |a 15 p. ; |c 20 x10 cm | ||
| 590 | |a Text en anglès | ||
| 650 | |a Transport |x Amèrica del Nord |9 50425 | ||
| 700 | |a Universal Portland Cement Co. |9 49597 | ||
| 901 | |a Arxiu | ||
| 942 | |n 1 | ||
| 952 | |0 0 |1 0 |4 0 |6 FU671 |7 1 |9 55465 |a Arxiu |b Arxiu |d 2016-12-01 |l 0 |o FU-67-1 |p 24413 |r 2016-12-01 00:00:00 |w 2016-12-01 |y ARXIU | ||
| 999 | |c 59338 |d 59338 | ||